000
00317 a2200109 4500
001
ART_34378
005
20260410161708.0
008
260409a
245
1
0
_a
Consulta vinculante. Nueva reglamentación
100
1
_a
Dreiling, Paola E.
773
0
_t
Revista Impuestos
_g
- Nº 21 (nov. 2005)
_w
REV639
999
_c
15827
_d
15827